000 00806nam a2200217Ii 4500
003 JO-AjNU
008 230605s9999||||xx |||||||||||||| ||und||
017 _a208/16861
040 _aJO-AjNU
_bara
_erda
_cJO-AjNU
041 _aara
050 1 4 _aBP3791 2009
100 3 _aعلي، عبد الحليم محمد منصور,
_eauthor
_931978
245 0 0 _aالتشريع الجنائي الإسلامي دراسة فقهية مقارنة
250 _aط2/مزيدة ومنقحة
264 3 1 _aالاسكندرية: دار الفكر الجامعي، 2009
300 _a501ص
336 _atext
_btxt
_2rdacontent
337 _aunmediated
_bn
_2rdamedia
338 _avolume
_bnc
_2rdacarrier
650 4 _aالقانون الجنائي- القانون المقارن- الفقه الاسلامي
_931979
999 _aA12853
_c16421
_d16421